History Quiz

Random History or War Quiz
Score 0/10 Timer 05:00
0 Plays Today
Number of Cemeteries Country % Correct
11France
98.4%
2United Kingdom
91.9%
2Italy
84.8%
3Belgium
77.9%
1Mexico
73.7%
1Netherlands
72.6%
2Philippines
51.6%
1Luxembourg
44.2%
1Panama
23.2%
1Tunisia
19.1%

You're not logged in!

Compare scores with friends on all Sporcle quizzes.
OR
Log In

Sporcle TV

Today on Sporcle TV


Watch our educational content, quiz creation guides, and fun videos on Sporcle TV.

Show Comments

Extras

Top Quizzes Today


Score Distribution

Your Account Isn't Verified!

In order to create a playlist on Sporcle, you need to verify the email address you used during registration. Go to your Sporcle Settings to finish the process.

Report this User

Report this user for behavior that violates our Community Guidelines.

Details: